000 00554nam a2200217 a 4500
001 BRCA_6863
005 20190320205623.0
008 101111s1921----gw-#######---#000-0#ger-#
041 _ager
044 _agw
050 4 _aPT2603 L6
_p.H46 1921
100 1 _aBloem, Walter
_917104
245 1 0 _aHerrin
_bRoman
260 _aLeipzig y Zurich
_bGrethlein
_cc1921
300 _a435 p.
_c20 cm.
500 _aTítulo de cuebierta: Herrin Roman von Walter Bloem
500 _aO51
650 1 4 _aLiteratura Alemana
_96160
902 _aGFM
942 _2lcc
_cB
999 _c6545
_d6545